[Event "FRA-chT Top 12 2019"]
[Site "Brest"]
[Date "2019.05.22"]
[Round "5.6"]
[White "Efimov, Igor"]
[Black "Philippe, Christophe"]
[Result "1-0"]
[WhiteElo "2439"]
[BlackElo "2378"]
[Annotator "TA"]
[PlyCount "101"]
[EventDate "2019.05.18"]
[EventType "team-tourn"]
[EventCountry "FRA"]
[SourceTitle "playchess.com"]
[Source "ChessBase"]
[SourceQuality "1"]

{[%evp 18,101,37,37,37,33,27,24,56,41,86,89,98,114,134,48,53,46,48,36,93,27,27,27,27,27,27,27,27,27,71,72,78,47,56,47,62,39,47,27,78,78,89,60,80,79,78,61,164,79,200,94,97,79,88,70,66,57,137,125,348,335,467,462,565,462,500,507,499,492,632,608,652,631,679,831,831,829,733,763,1070,1026,851,773,1486,1460]} 1. Nf3 Nf6 2. d4 g6 3. g3 Bg7 4. Bg2 O-O 5. O-O d6 6. Re1 Nbd7 7. e4 e5 8. Nc3 c6 9. a4 a5 10. h3 Qc7 {B07: Pirc Defence: Miscellaneous Systems} 11. b3 (11. Be3 Re8 12. Qd2 b6 13. Bh6 Bh8 14. Rad1 Bb7 15. dxe5 dxe5 16. Bf1 Nc5 17. Bc4 Ne6 18. Ng5 Nxg5 19. Bxg5 Rad8 20. Qe3 {½-½ (54) Ju,W (2572)-Grigoryan,K (2581) chess.com INT 2018}) 11... Re8 12. Ba3 h6 $146 {White has an edge.} ({Predecessor:} 12... Bf8 13. Qd2 b6 14. Rad1 exd4 15. Qxd4 c5 16. Nb5 Qb8 17. Qd3 Ba6 18. c4 Bxb5 19. cxb5 Ne5 20. Qc3 Ra7 {1-0 (33) Abbasov,F (2439)-Guliev,L (2365) Baku 2001}) 13. Qd2 Kh7 14. Rad1 exd4 15. Nxd4 Nc5 {[#]} 16. e5 ({Better is} 16. Ndb5 $1 $16 {[%cal Rb5c7][%mdl 512]} cxb5 17. Nxb5 {[%mdl 64] Double Attack}) 16... Rxe5 $14 17. Rxe5 dxe5 18. Nxc6 Bxh3 ({Black should play} 18... Nxb3 $1 $14 19. Qd8 (19. cxb3 bxc6 20. Bd6 Qb6 $11) 19... Qxd8 20. Nxd8 Nd4) 19. Bxh3 (19. Nb5 $16 Qb6 20. Nxe5 (20. Bxh3 Nce4 $11)) 19... Qxc6 $11 20. Bg2 e4 21. Bxc5 Qxc5 22. Nxe4 Nxe4 23. Bxe4 Re8 24. Bxb7 Bc3 25. Qf4 Kg7 26. Bd5 Re7 27. Bc4 Qh5 28. Qd6 Bf6 (28... Qxd1+ $1 $11 29. Qxd1 Re1+ 30. Qxe1 Bxe1) 29. Kg2 Qg4 30. Rd3 Qe4+ 31. Rf3 Qe5 32. Qb6 Qa1 ({Black should try} 32... h5 $14) 33. Rd3 (33. Qxa5 $18 {has better winning chances. Black must now prevent Qd5.} Re1 34. Re3 Rxe3 35. fxe3) 33... Re1 {[#]} (33... Qe5 $16) 34. Qb7 (34. Qa7 $1 $18 {[%cal Ra7f7]} Re7 35. Qxa5) 34... Re7 $16 35. Qa8 Qe1 36. Rf3 Qe5 37. Bb5 Qe4 (37... Qc7 $14) 38. Qxa5 g5 $2 (38... Re5 $16 {was worth a try.} 39. Qb6 (39. Qc3 Rf5 $16) 39... Rf5) 39. Bd3 $18 Qc6 {...g4 is the strong threat.} 40. Qf5 {Hoping for Qh7+.White is clearly winning.} Re6 41. Qh7+ Kf8 {Threatens to win with ...g4.} 42. Bb5 Qb7 {Strongly threatening ...g4.} 43. Qxh6+ Ke7 {aiming for ...g4.} 44. Qh5 Rd6 45. Bc4 Kf8 46. a5 {[%cal Ba4a5,Ba5a6][%mdl 32]} Kg7 47. a6 Qa7 48. Qg4 Qa8 49. Qf5 Qc6 50. Bd3 Re6 51. b4 {Accuracy: White = 50%, Black = 35%.} 1-0

[Event "FRA-chT Top 12 2019"]
[Site "Brest"]
[Date "2019.05.22"]
[Round "5.6"]
[White "Charmeteau, Sven"]
[Black "Colin, Vincent"]
[Result "1-0"]
[WhiteElo "2292"]
[BlackElo "2383"]
[Annotator "TA"]
[PlyCount "57"]
[EventDate "2019.05.18"]
[EventType "team-tourn"]
[EventCountry "FRA"]
[SourceTitle "playchess.com"]
[Source "ChessBase"]
[SourceQuality "1"]

{[%evp 14,57,8,9,19,17,16,15,13,0,4,-22,12,0,0,0,0,0,-2,-9,-2,-9,85,81,188,89,157,165,341,329,323,330,1680,1639,1614,1412,29988,29989,29995,29996,29996,29995,29995,29996,29996,29997]} 1. e4 c5 2. Nf3 Nc6 3. d4 cxd4 4. Nxd4 g6 5. Nc3 Bg7 6. Be3 Nf6 7. Bc4 O-O 8. Bb3 Re8 {B35: Sicilian: Accelerated Dragon with 5 Nc3: main line} 9. h3 (9. f3 d5 10. exd5 Nb4 11. Nde2 e6 12. Bd4 exd5 13. Qd2 Nc6 14. O-O-O Nxd4 15. Nxd4 Bd7 16. g4 {1-0 (33) Navara,D (2740)-Gelfand,B (2703) Batumi 2018}) 9... d6 10. O-O Na5 {The position is equal.} 11. Qd3 a6 12. Rad1 $146 ({Predecessor:} 12. f4 Qc7 13. Nf3 b5 14. Rae1 Nxb3 15. axb3 Bb7 16. e5 dxe5 17. fxe5 {1-0 (38) Mussanti,D (2269)-Cheb Terrab,A (2027) Buenos Aires 2018}) 12... Qc7 13. f4 Nxb3 14. axb3 b5 15. f5 Bb7 16. Nd5 $36 {[%mdl 2048] White fights for an advantage.} Nxd5 17. exd5 Rac8 (17... Bxd5 $11 18. Nxb5 Qb7 19. Qxd5 Qxd5 20. Rxd5 axb5) 18. c3 $16 {Black must now prevent fxg6.} Qd7 (18... Bxd5 $16 {was necessary.} 19. fxg6 hxg6) 19. c4 (19. fxg6 $18 hxg6 20. Ne6) 19... bxc4 (19... Rf8 $142) 20. bxc4 a5 $2 (20... Rf8 {keeps fighting.} 21. b3 a5) 21. fxg6 $1 $18 hxg6 {[#]} 22. Ne6 $1 {[%mdl 512] White threatens Rxf7 and mate.} Bxb2 $2 (22... Rf8) (22... fxe6 23. Qxg6) 23. Bd4 {Intending Rxf7! and mate.} Bxd4+ 24. Qxd4 {[%csl Ge6][%cal Rd4g7]} fxe6 {[#]} 25. Qg4 $1 {[%csl LRe6,LRg6][%mdl 512] White mates.} Rf8 26. Qxg6+ Kh8 27. Rd4 {[%cal Rd4h4]} Rxf1+ {[#]} 28. Kh2 $1 {[%cal Rd4h4]} ({Stronger than} 28. Kxf1 {[#]} Rxc4 $3 {[%mdl 512]} 29. Qh6+ (29. Rxc4 Ba6 $11) (29. dxe6 Qb5 $11) 29... Kg8 $11) 28... Rxc4 29. Rxc4 {Accuracy: White = 41%, Black = 18%.} 1-0

[Event "FRA-chT Top 12 2019"]
[Site "Brest"]
[Date "2019.05.22"]
[Round "5.7"]
[White "Loiseau, Quentin"]
[Black "Gurevich, Mikhail"]
[Result "1/2-1/2"]
[WhiteElo "2471"]
[BlackElo "2566"]
[Annotator "TA"]
[PlyCount "40"]
[EventDate "2019.05.18"]
[EventType "team-tourn"]
[EventCountry "FRA"]
[SourceTitle "playchess.com"]
[Source "ChessBase"]
[SourceQuality "1"]

{[%evp 21,40,47,49,34,46,22,18,17,18,0,0,0,0,0,4,0,0,0,0,0,0]} 1. Nf3 d6 2. d4 g6 3. c4 f5 4. g3 Nf6 5. Bg2 Bg7 6. O-O O-O 7. Nc3 Nc6 8. d5 Na5 9. Qd3 e5 10. dxe6 Bxe6 11. b3 Nc6 12. Ng5 {A89: Dutch Defence: Leningrad System: 5 Nf3 0-0 6 0-0 d6 7 Nc3 Nc6} (12. Bb2 Qe7 13. Ng5 Bd7 14. Rad1 Kh8 15. Qd2 Rae8 16. Nd5 Nxd5 17. Bxg7+ Kxg7 18. cxd5 Ne5 19. Nf3 Nxf3+ 20. Bxf3 {0-1 (50) Kovchan,A (2585)-Korobov,A (2692) Rivne 2016}) 12... Bd7 13. Bb2 h6 {The position is equal.} 14. Nf3 Ne4 {With the idea ...Nb4.} 15. Rac1 Nb4 16. Qb1 Nxc3 17. Bxc3 Bxc3 18. Rxc3 Qf6 19. Rcc1 Bc6 $146 ({Predecessor:} 19... Rae8) 20. Qa1 a5 1/2-1/2

[Event "FRA-chT Top 12 2019"]
[Site "Brest"]
[Date "2019.05.22"]
[Round "5.7"]
[White "Terrieux, Kevin"]
[Black "Le Roux, Jean-Pierre"]
[Result "1/2-1/2"]
[WhiteElo "2455"]
[BlackElo "2539"]
[Annotator "TA"]
[PlyCount "41"]
[EventDate "2019.05.18"]
[EventType "team-tourn"]
[EventCountry "FRA"]
[SourceTitle "playchess.com"]
[Source "ChessBase"]
[SourceQuality "1"]

{[%evp 24,26,19,0,0]} 1. e4 c6 2. d4 d5 3. Nc3 dxe4 4. Nxe4 Bf5 5. Ng3 Bg6 6. Nf3 Nd7 7. h4 h6 8. h5 Bh7 9. Bd3 Bxd3 10. Qxd3 e6 11. Bd2 Ngf6 12. O-O-O Be7 13. Kb1 Qb6 {[#] B19: Classical Caro-Kann: 4...Bf5 main line} {Predecessor:} 14. c4 $146 Rd8 15. Bf4 O-O 16. Qc2 Rfe8 17. Nf1 c5 18. d5 exd5 19. cxd5 Ng4 20. N3h2 Nxh2 21. Rxh2 {½-½ (56) Duda,J (2724)-Esipenko,A (2571) Caleta 2018} 1/2-1/2

[Event "FRA-chT Top 12 2019"]
[Site "Brest"]
[Date "2019.05.22"]
[Round "5.7"]
[White "Guichard, Pauline"]
[Black "Sokolov, Andrei"]
[Result "1/2-1/2"]
[WhiteElo "2430"]
[BlackElo "2496"]
[Annotator "TA"]
[PlyCount "78"]
[EventDate "2019.05.18"]
[EventType "team-tourn"]
[EventCountry "FRA"]
[SourceTitle "playchess.com"]
[Source "ChessBase"]
[SourceQuality "1"]

{[%evp 30,78,27,18,25,24,29,15,19,4,12,0,4,0,0,0,0,0,0,0,0,0,0,0,0,0,0,0,0,0,0,0,1,0,0,0,0,-24,-24,-24,-24,-24,-18,-18,-18,-18,0,-8,0,-8,0]} 1. Nf3 Nf6 2. c4 e6 3. g3 b6 4. Bg2 Bb7 5. O-O c5 6. d4 cxd4 7. Qxd4 d6 8. Nc3 a6 9. Rd1 Nbd7 10. e4 Qc7 11. b3 Be7 12. Ba3 Nc5 13. e5 dxe5 14. Qxe5 Rc8 15. Qxc7 Rxc7 16. Bc1 Nfe4 {A30: Symmetrical English: Double Fianchetto and Hedgehog} 17. Bf4 {[#] aiming for Nxe4.} Rc8 $1 18. Nxe4 Bxe4 19. Ne5 (19. Rd2 Bc6 20. Rad1 f6 21. Re1 Kf7 22. b4 Ne4 23. Rb2 Ba8 24. Rc1 {½-½ (39) Aguero Jimenez,L (2483)-Diaz Camallonga,C (2447) Sabadell 2018}) 19... f6 20. Nf3 O-O $146 ({Predecessor:} 20... Kf7 21. Be3 Rhd8 22. Rd4 Rxd4 23. Nxd4 Bxg2 24. Kxg2 Bf8 25. Kf1 Rd8 {½-½ (25) Hansen,M (2280)-Kumaran,D (2230) Lyngby 1990}) 21. Bd6 Kf7 22. Ne5+ fxe5 23. Bxc5 $1 Bxc5 24. Bxe4 Ke7 25. Rd2 Rcd8 26. Re2 h6 27. Kg2 a5 28. Bf3 Rd3 29. Be4 Rd6 30. h4 Rfd8 31. Bf3 Rd2 32. Rae1 Kf6 33. Rxd2 (33. Kf1 {with more complications.} Rxe2 34. Kxe2 Kf5 35. Kf1 Rd4 36. Bc6) 33... Rxd2 34. Re2 Rxe2 35. Bxe2 $11 {KB-KB} e4 36. Bg4 {The position is equal.} Ke5 37. Kf1 Bd4 38. Ke2 Bc5 39. Bh3 Bd4 {Accuracy: White = 65%, Black = 84%.} 1/2-1/2

[Event "FRA-chT Top 12 2019"]
[Site "Brest"]
[Date "2019.05.22"]
[Round "5.7"]
[White "Brochet, Philippe"]
[Black "Jeanne, Mickael"]
[Result "1/2-1/2"]
[WhiteElo "2400"]
[BlackElo "2150"]
[Annotator "RC"]
[PlyCount "86"]
[EventDate "2019.05.18"]
[EventType "team-tourn"]
[EventCountry "FRA"]
[SourceTitle "playchess.com"]
[Source "ChessBase"]
[SourceQuality "1"]
[TimeControl "40/5400+30:1800+30"]

1. e4 {[%emt 0:00:31]} e6 {[%emt 0:00:00]} 2. d4 {[%emt 0:00:04]} d5 {[%emt 0:00:00]} 3. exd5 {[%emt 0:00:12]} exd5 {[%emt 0:00:02]} 4. Nf3 {[%emt 0:00:03]} Bd6 {[%emt 0:00:25]} 5. c4 {[%emt 0:00:12]} Nf6 {[%emt 0:00:34]} 6. c5 {[%emt 0:00:39]} Be7 {[%emt 0:00:06]} 7. Qa4+ {[%emt 0:00:10]} c6 {[%emt 0:14:16]} 8. Bd3 {[%emt 0:08:58]} O-O {[%emt 0:05:05]} 9. Nc3 {[%emt 0:00:18]} Re8 {[%emt 0:03:28]} 10. O-O {[%emt 0:00:14]} Nbd7 {[%emt 0:02:24]} 11. Re1 {[%emt 0:03:20]} Nf8 {[%emt 0:05:37]} 12. h3 {[%emt 0:03:36]} Ng6 {[%emt 0:02:15]} 13. Ne5 {[%emt 0:09:04]} Nxe5 {[%emt 0:09:32]} 14. Rxe5 {[%emt 0:07:11]} Nd7 {[%emt 0:03:54]} 15. Re2 {[%emt 0:01:56]} Bf6 {[%emt 0:03:22]} 16. Rxe8+ {[%emt 0:02:53]} Qxe8 {[%emt 0:00:10]} 17. Bf4 {[%emt 0:05:27]} Qd8 {[%emt 0:14:50]} 18. Re1 {[%emt 0:05:35]} Nf8 {[%emt 0:03:43]} 19. Be5 {[%emt 0:03:36]} Bxe5 {[%emt 0:03:39]} 20. Rxe5 {[%emt 0:06:16]} Be6 {[%emt 0:01:30]} 21. b4 {[%emt 0:11:11]} b5 {[%emt 0:03:36]} 22. cxb6 {[%emt 0:09:40]} axb6 {[%emt 0:01:38]} 23. Qc2 {[%emt 0:01:11]} b5 {[%emt 0:01:57]} 24. Re1 {[%emt 0:05:41]} Qe7 {[%emt 0:01:21]} 25. Qb2 {[%emt 0:01:46]} Qa7 {[%emt 0:00:27]} 26. Rd1 {[%emt 0:01:18]} Qa3 {[%emt 0:03:11]} 27. Qxa3 {[%emt 0:02:24]} Rxa3 {[%emt 0:00:02]} 28. Rc1 {[%emt 0:00:06]} Bd7 {[%emt 0:00:40]} 29. Kf1 {[%emt 0:00:26]} g6 {[%emt 0:03:58]} 30. Ke2 {[%emt 0:01:49]} Ne6 {[%emt 0:00:53]} 31. Ke3 {[%emt 0:00:08]} f5 {[%emt 0:03:04]} 32. f4 {[%emt 0:01:17]} Kf7 {[%emt 0:00:34]} 33. Rc2 {[%emt 0:01:26]} h6 {[%emt 0:03:28]} 34. g3 {[%emt 0:01:31]} Kf6 {[%emt 0:00:29]} 35. h4 {[%emt 0:01:36]} Ra8 {[%emt 0:03:47]} 36. Rf2 {[%emt 0:01:48]} h5 {[%emt 0:01:47]} 37. Rc2 {[%emt 0:01:04]} Ra3 {[%emt 0:01:12]} 38. Ne2 {[%emt 0:00:59]} Ra4 {[%emt 0:00:45]} 39. Rb2 {[%emt 0:00:09]} Ke7 {[%emt 0:01:06]} 40. Bc2 {[%emt 0:01:57]} Ra3+ {[%emt 0:00:41]} 41. Bb3 {[%emt 0:30:24]} Kd6 {[%emt 0:30:27]} 42. Nc3 {[%emt 0:00:00]} Nc7 {[%emt 0:00:00]} 43. Re2 {[%emt 0:00:00]} Ra8 {[%emt 0:00:00] Ke4 Ke5+} 1/2-1/2

[Event "FRA-chT Top 12 2019"]
[Site "Brest"]
[Date "2019.05.22"]
[Round "5.7"]
[White "Delabaca, Romuald"]
[Black "Flear, Glenn C"]
[Result "1/2-1/2"]
[WhiteElo "2360"]
[BlackElo "2445"]
[Annotator "TA"]
[PlyCount "29"]
[EventDate "2019.05.18"]
[EventType "team-tourn"]
[EventCountry "FRA"]
[SourceTitle "playchess.com"]
[Source "ChessBase"]
[SourceQuality "1"]

{[%evp 13,29,8,22,1,0,11,8,2,3,0,29,27,28,28,29,19,35,39]} 1. e4 e5 2. Nf3 Nc6 3. Bb5 a6 4. Ba4 Nf6 5. O-O Be7 6. d3 b5 7. Bb3 d6 8. a3 {C84: Closed Ruy Lopez: Unusual White 6th moves} Na5 (8... O-O 9. Nc3 Na5 10. Ba2 Be6 11. b4 Bxa2 12. Rxa2 Nc6 13. Bg5 Ng4 14. Bd2 Nf6 15. Re1 Qd7 16. Nd5 Nxd5 17. exd5 {½-½ (37) Anand,V (2774)-Svidler,P (2735) Karlsruhe/Baden Baden 2019}) 9. Ba2 c5 10. Nc3 {The position is equal.} Be6 11. b4 Nb7 $146 ({Predecessor:} 11... Nc6 12. Bxe6 fxe6 13. bxc5 dxc5 14. a4 b4 15. Ne2 O-O {0-1 (51) Kollars,D (2500)-Tan,J (2451) chess.com INT 2017}) 12. Bg5 O-O 13. Bxf6 Bxf6 14. Nd5 g6 15. Qd2 1/2-1/2

[Event "FRA-chT Top 12 2019"]
[Site "Brest"]
[Date "2019.05.22"]
[Round "5.7"]
[White "Nezar, Mustapha"]
[Black "Dornbusch, Tatiana"]
[Result "1-0"]
[WhiteElo "2339"]
[BlackElo "2285"]
[Annotator "TA"]
[PlyCount "111"]
[EventDate "2019.05.18"]
[EventType "team-tourn"]
[EventCountry "FRA"]
[SourceTitle "playchess.com"]
[Source "ChessBase"]
[SourceQuality "1"]

{[%evp 9,111,25,64,44,54,26,47,0,0,2,14,11,21,-22,-21,-25,0,-18,-39,-33,30,20,91,102,82,91,137,137,139,146,144,135,171,129,147,155,201,221,438,329,434,321,525,518,521,518,681,685,690,678,659,686,792,781,768,602,1260,839,956,951,1186,1125,1733,907,1070,1027,1078,639,1051,0,1008,902,1044,609,576,566,604,602,608,620,1025,1024,889,842,1174,1166,1122,1157,960,887,868,833,29978,2661,1937,1723,29981,29982,29985,29986,29986,29987,29987,29988]} 1. Nf3 Nf6 2. c4 d6 3. g3 e5 4. Bg2 Nc6 5. Nc3 Bg4 6. h3 {A29: English Opening: Four Knights Variation with 4 g3} (6. O-O Be7 7. d3 O-O 8. Rb1 Rb8 9. a3 Qd7 10. b4 Nd4 11. e3 Ne6 12. h3 Bh5 13. Nd5 Nxd5 14. cxd5 Ng5 15. g4 Nxf3+ 16. Bxf3 {1-0 (58) Grigoryan,A (2407)-Erendzhenov,S (2280) Nevinnomyssk 2010}) 6... Be6 7. d3 h6 8. Qb3 $146 {White is slightly better.} (8. d4 $5 {[%cal Rd4d5]} Bxc4 9. dxe5 dxe5 10. Qa4 $11) ({Predecessor:} 8. O-O Qd7 9. Kh2 d5 10. cxd5 Nxd5 11. Bd2 Be7 12. Rc1 Bf6 {½-½ (22) Przybylo,S (1902)-Wesolowski,W Poland 2008}) 8... Rb8 9. Nd5 b5 10. Nxf6+ gxf6 11. Qc2 (11. Nh4 $5 {[%cal Rg2c6]} Qd7 12. cxb5 Bxb3 13. Bxc6 $11) 11... bxc4 12. dxc4 Nb4 13. Qa4+ Bd7 14. Qd1 Bf5 ({Black should play} 14... f5 $15) 15. O-O $11 Nc2 (15... Qd7 $1 $11) 16. Nh4 $16 Bh7 {[#]} 17. Rb1 $1 Nd4 {Hoping for ...Bc2.} 18. e4 f5 19. Be3 Be7 20. Bxd4 {Black must now prevent Qa4+.} Bxh4 21. Bxa7 Ra8 22. Be3 $36 {[%mdl 2048] And now exf5 would win. White is on the roll.} ({Don't do} 22. gxh4 $6 Rxa7 23. f4 O-O $14) 22... Bf6 23. exf5 ({Don't take} 23. Bxh6 $6 Bg6 $16) 23... Rxa2 $2 (23... Bxf5 24. Ra1 (24. Bxa8 Qxa8 25. Qd5 Qxd5 $16) 24... Rb8) 24. Be4 Ke7 25. Kh2 Qb8 $2 (25... Bg5 26. Qb3 Ra5) 26. b4 $18 {[%cal Bb2b4,Bb4b5,Bb5b6][%mdl 32]} Bg5 {intending ...Bxe3.} 27. Qb3 Ra6 28. b5 Ra5 29. Bxg5+ hxg5 30. Qe3 f6 31. b6 c5 32. b7 Qa7 33. Rb3 Rb8 34. Qd3 Bg8 35. Bd5 Bh7 36. Rfb1 Ra2 37. Kg2 Qa5 38. Rb5 Qa3 39. R5b3 Qa5 $1 40. g4 Rd2 41. Qc3 Qxc3 42. Rxc3 Rxd5 43. cxd5 {[%mdl 4096] Endgame KRR-KRB} Bg8 44. Rd3 c4 45. Rdd1 Kd8 46. Rb5 Kc7 47. Kf3 Rxb7 48. Rxb7+ Kxb7 {KR-KB} 49. Rb1+ Ka6 50. Ke4 Ka5 51. Rb7 (51. Rb8 $142 Bh7 52. Rh8 c3 53. Rxh7 Kb4 54. Rc7 Kb3 55. Kd3 e4+ 56. Kxe4) 51... c3 52. Rg7 Bxd5+ 53. Kxd5 {White mates.} Kb6 54. Rd7 c2 55. Rxd6+ {[%mdl 64] [#] Double Attack} Kb5 56. Rc6 {Accuracy: White = 60%, Black = 28%.} 1-0

[Event "FRA-chT Top 12 2019"]
[Site "Brest"]
[Date "2019.05.22"]
[Round "5.8"]
[White "Sebag, Marie"]
[Black "Monpeurt, Cyrielle"]
[Result "1-0"]
[WhiteElo "2476"]
[BlackElo "2166"]
[Annotator "TA"]
[PlyCount "135"]
[EventDate "2019.05.18"]
[EventType "team-tourn"]
[EventCountry "FRA"]
[SourceTitle "playchess.com"]
[Source "ChessBase"]
[SourceQuality "1"]

{[%evp 19,135,17,23,18,18,22,12,10,23,0,18,-16,0,-62,-9,-11,0,0,89,15,35,0,16,31,49,-2,42,18,17,60,55,56,56,-4,23,0,-4,0,8,0,0,0,0,0,35,-15,46,0,0,0,0,0,0,0,4,0,0,0,0,0,0,0,0,0,0,0,0,0,0,0,0,0,0,0,0,0,0,0,0,0,40,51,71,71,71,71,71,71,76,72,71,75,103,103,103,103,103,95,95,39,120,120,120,120,120,120,29958,29958,29950,29945,29965,29966,29979,29980,29981,29982,29985,29978]} 1. e4 e5 2. Nf3 Nc6 3. Bb5 a6 4. Ba4 Nf6 5. O-O Be7 6. Re1 b5 7. Bb3 O-O 8. a4 b4 9. d4 d6 10. dxe5 dxe5 11. Nbd2 {[%cal Bb1d2,Bd2c4,Bc4e3,Be3f5][%mdl 32] C88: Closed Ruy Lopez: Anti-Marshall Systems} Bc5 12. h3 (12. a5 h6 13. h3 Qd6 14. Qe2 Be6 15. Nc4 Qe7 16. Be3 Rab8 17. Bxc5 Qxc5 18. Ncd2 Rfe8 19. Qxa6 {1-0 (38) Aronian,L (2763)-Svidler,P (2735) Karlsruhe/Baden Baden 2019}) 12... h6 13. Qe2 {The position is equal.} Qe7 14. Nc4 Rd8 {[#]} 15. c3 $146 ({Predecessor:} 15. Be3 Be6 16. Bxc5 Qxc5 17. Qe3 Qxe3 18. Rxe3 Nd7 {1-0 (58) Czarnota,P (2537)-Leniart,A (2488) Poland 2016}) 15... a5 16. Nfd2 (16. Ne3 $11) 16... Be6 (16... Ba6 $15) 17. Bc2 $11 Nd7 18. Ne3 Nf8 {[#]} (18... Bxe3 $11 {remains equal.} 19. Qxe3 Nc5) 19. Nb3 (19. Nd5 $1 $16 {[%mdl 512]} Bxd5 20. exd5) 19... Ba7 20. Qf3 (20. Nd5 $5 Bxd5 21. exd5 Rxd5 22. Be4 $11) 20... f6 21. Nf5 Qe8 22. Nd2 ({Better is} 22. Be3 $14) 22... Ne7 23. Nf1 Nxf5 24. exf5 Bd5 25. Qg4 Kh8 26. Ne3 (26. cxb4 $14 Qc6 27. Re2) 26... Bb7 27. Be4 Bxe4 28. Qxe4 Bc5 29. Nc4 bxc3 30. bxc3 Nd7 31. Qc6 Qf7 32. Re4 Ba7 ({Black should play} 32... Qh5 $11 33. Be3 Qxf5) 33. Be3 ({Don't play} 33. Qxc7 Qd5 $17) 33... Bxe3 34. Rxe3 Nb6 35. Nxb6 cxb6 36. Qxb6 Qd7 37. Qb1 Rab8 {[%cal Ba8b8,Bb8b6,Bb6d6][%mdl 32]} 38. Qc2 Rb6 39. Re2 Rd6 40. Rae1 Qc6 41. Qb3 Qc8 42. Qc2 Rd3 43. Re3 Qxf5 44. Rxd3 Qxd3 45. Qxd3 Rxd3 {[%mdl 4096] Endgame KR-KR} 46. Rc1 Kg8 47. c4 Kf7 48. c5 Ke7 49. c6 Kd8 (49... Rd8 {feels hotter.} 50. Rc5 Ra8 51. c7 Rc8 52. Rxa5 Rxc7 53. Ra6 h5) 50. Rc5 Kc7 51. Rxa5 Kxc6 52. Ra7 Rd1+ 53. Kh2 Ra1 54. Rxg7 {And now Rf7 would win.} Rxa4 55. Rh7 Kd5 56. Rxh6 Ke6 57. g4 Kf7 58. Rh7+ Kg6 {[#]} 59. Re7 (59. Rh5 $1 $16) 59... Ra2 ({Black should try} 59... f5 $1 $14) 60. Kg3 $16 Ra3+ 61. f3 Ra6 62. h4 {Strongly threatening h5+.} Rb6 $2 {[%mdl 8192]} (62... Kh6 $16 63. h5 Ra4) 63. h5+ {White mates.} Kh6 64. Rf7 Ra6 65. Kh4 Ra1 66. Rxf6+ Kg7 67. Kg5 Ra5 68. h6+ {Played: Rf6-f5} 1-0

[Event "FRA-chT Top 12 2019"]
[Site "Brest"]
[Date "2019.05.22"]
[Round "5.8"]
[White "Skripchenko, Almira"]
[Black "Milliet, Sophie"]
[Result "1/2-1/2"]
[WhiteElo "2406"]
[BlackElo "2400"]
[Annotator "TA"]
[PlyCount "32"]
[EventDate "2019.05.18"]
[EventType "team-tourn"]
[EventCountry "FRA"]
[SourceTitle "playchess.com"]
[Source "ChessBase"]
[SourceQuality "1"]

{[%evp 11,32,11,10,10,12,10,37,39,40,30,18,19,22,2,30,24,33,0,20,0,31,0,16]} 1. e4 c5 2. Nf3 d6 3. Bb5+ Nd7 4. d4 cxd4 5. Qxd4 a6 6. Bxd7+ Bxd7 7. c4 {B51: Sicilian: Moscow Variation (3 Bb5+) without 3...Bd7} (7. Nc3 Rc8 8. e5 dxe5 9. Nxe5 f6 10. Nxd7 Qxd7 11. Qxd7+ Kxd7 12. Be3 e5 13. f4 Nh6 14. O-O-O+ Kc6 15. Rhf1 {1-0 (47) Jones,G (2702)-Saric,I (2694) Malmo 2019}) 7... Rc8 8. Nc3 e5 9. Qd3 {White is slightly better.} Qc7 10. b3 b5 {[%cal Rb5c4]} 11. Nd5 Qc6 {[%cal Rb5c4]} 12. Nd2 Ne7 13. Ne3 $146 (13. Nb4 $5 {[%cal Rb4c6]} Qb6 14. O-O $11) ({Predecessor:} 13. O-O Nxd5 14. exd5 Qb6 {0-1 (34) Munoz Pantoja,M (2497)-Ziska,H (2544) Kollafjord 2017}) 13... Ng6 14. Nd5 Ne7 15. Ne3 Ng6 $1 16. Nd5 Ne7 1/2-1/2

[Event "FRA-chT Top 12 2019"]
[Site "Brest"]
[Date "2019.05.22"]
[Round "5.8"]
[White "Leconte, Maria"]
[Black "Thomas, Anysia"]
[Result "1/2-1/2"]
[WhiteElo "2246"]
[BlackElo "2178"]
[Annotator "TA"]
[PlyCount "49"]
[EventDate "2019.05.18"]
[EventType "team-tourn"]
[EventCountry "FRA"]
[SourceTitle "playchess.com"]
[Source "ChessBase"]
[SourceQuality "1"]

{[%evp 17,49,0,24,15,18,0,17,0,25,8,11,0,19,12,12,-14,-13,-17,0,-9,-10,-18,12,0,0,0,6,-17,0,0,29,-5,0,0]} 1. d4 Nf6 2. Bf4 g6 3. Nc3 d5 4. e3 Bg7 5. Be2 O-O 6. Nf3 c5 7. Ne5 Qb6 8. O-O cxd4 9. exd4 Nc6 10. Nxc6 {D00: 1 d4 d5: Unusual lines} Qxc6 11. Be5 Be6 (11... Bf5 12. Bd3 Bxd3 13. Qxd3 Rac8 14. a4 Ne4 15. Bxg7 Kxg7 16. Ra3 Nxc3 17. bxc3 b6 {0-1 (43) Bareev,E (2634)-Polgar,J (2680) Moscow 2009}) 12. Bb5 $146 ({Predecessor:} 12. Bd3 Bh6 13. h3 Nd7 14. Bg3 Nb6 15. Bb5 Qc8 16. Ne2 a6 17. Bd3 Nc4 18. Bxc4 Qxc4 19. c3 Rfe8 20. Re1 Bf5 21. Nf4 Rad8 22. Qe2 Qxe2 23. Rxe2 g5 {0-1 (23) Teixeira,R (2212)-Di Berardino,D (2482) Rio de Janeiro 2014}) 12... Qc8 13. Bd3 Rd8 14. Qe2 Bg4 15. f3 Bf5 16. Rae1 Bxd3 17. Qxd3 Qc6 18. Rf2 Rac8 19. g4 Rd7 20. h4 h5 21. Rg2 Qe6 {[%cal Rh5g4]} 22. Bg3 Qc6 23. Be5 Qe6 {[%cal Rh5g4]} 24. Bg3 Qc6 25. Be5 {Accuracy: White = 33%, Black = 33%.} 1/2-1/2